Správca dane môže určiť daň podľa pomôcok za účelom správneho zistenia dane

Určenie dane podľa pomôcok je činnosť správcu dane v rámci prípravy daňového konania. Ide o možnosť správcu dane zistiť základ dane a daňovú povinnosť daňového subjektu v odôvodnených prípadoch. Tieto prípady presne definuje Daňový poriadok v paragrafe 48.

Salvato in:
Dettagli Bibliografici
Autore principale: Ihnatišinová, Denisa, 1983-
Natura: Capitolo di libro
Lingua:slovacco
Soggetti:
Tags: Aggiungi Tag
Nessun Tag, puoi essere il primo ad aggiungerne!!

MARC

LEADER 00000nla a2200000 4500
001 0168113
005 20240502072929.7
041 0 |a slo 
044 |a SK 
245 1 0 |a Správca dane môže určiť daň podľa pomôcok za účelom správneho zistenia dane  |c Denisa Ihnatišinová 
520 |a Určenie dane podľa pomôcok je činnosť správcu dane v rámci prípravy daňového konania. Ide o možnosť správcu dane zistiť základ dane a daňovú povinnosť daňového subjektu v odôvodnených prípadoch. Tieto prípady presne definuje Daňový poriadok v paragrafe 48. 
610 2 0 |a dane 
610 2 0 |a daňovníci 
610 2 0 |a správa daňová 
100 1 |a Ihnatišinová, Denisa, 1983-